Zarzadzanie systemem wykorzystania srodków trwalych w przedsiebiorstwie przemyslowym

Guardado en:
Detalles Bibliográficos
Autor principal: Wozniak, Barbara
Formato: Libro
Lenguaje:polaco
Publicado: Katowice Akademia Ekon. im. Karola Adamieckiego 1985
Edición:1. wyd.
Colección:Prace naukowe
Etiquetas: Agregar Etiqueta
Sin Etiquetas, Sea el primero en etiquetar este registro!

MARC

LEADER 00000nam a2200000 4500
001 c026912
005 20221220080718.1
041 0 |a pol 
044 |a PL 
245 1 0 |a Zarzadzanie systemem wykorzystania srodków trwalych w przedsiebiorstwie przemyslowym  |c Barbara Wozniak 
250 |a 1. wyd. 
264 1 |a Katowice  |b Akademia Ekon. im. Karola Adamieckiego  |c 1985 
300 |a 204 s. 
490 1 |a Prace naukowe 
830 0 |a Prace naukowe 
100 1 |a Wozniak, Barbara